| 000 | 00597nam a2200181 a 4500 | ||
|---|---|---|---|
| 001 | 000048525 | ||
| 005 | 20201002061222.0 | ||
| 008 | 190328s2017 dr a r 000 0 spa d | ||
| 020 | _a9789945906974 | ||
| 040 |
_aDO-SdBNP _bspa _cBNPHU |
||
| 082 |
_axxxx _bH181a |
||
| 100 | 1 |
_aHallal, Farah _972150 |
|
| 245 | 1 | 3 |
_aEl ave perdida / _cFarah Hallal ; ilustraciones Ivanna Candelier ; coordinación Tomiko Castro. |
| 260 |
_aSanto Domingo : _bFundación Propa-Gas, _c2017. |
||
| 300 |
_a28 p. : _bil. ; _c26 cm. |
||
| 700 | 1 |
_aCandelier, Ivanna, _eil. _975954 |
|
| 700 | 1 |
_aCastro, Tomiko, _ecoord. _975955 |
|
| 999 |
_c48013 _d48013 |
||